Click a Chris Quiz Stats

 Plays Quiz Updated Oct 27, 2017

Also try: Click a Mary
Challenge
Share
Tweet
Embed
Score 0/20 Timer 05:00
4 Plays Today
% Correct
Christian Bale
90.2%
Chris Hemsworth
88.4%
Chris Pratt
86.6%
Christina Applegate
86.5%
Christopher Reeve
86.3%
Christina Ricci
85.3%
Christopher Lloyd
82.7%
Christine Baranski
82.2%
Chris Martin
82.2%
Chris Rock
81.5%
% Correct
Christopher Nolan
78.7%
Chris Farley
77%
Christopher Walken
77%
Chris Tucker
71.3%
Christopher Plummer
70.9%
Chris Cornell
69.6%
Chris Columbus
65.6%
Christopher Cross
61%
Chris de Burgh
60.6%
Chris Sarandon
46.7%

You're not logged in!

Compare scores with friends on all Sporcle quizzes.
OR
Log In

You Might Also Like...

Show Comments

Extras

Top Quizzes Today


Score Distribution

Your Account Isn't Verified!

In order to create a playlist on Sporcle, you need to verify the email address you used during registration. Go to your Sporcle Settings to finish the process.

Report this User

Report this user for behavior that violates our Community Guidelines.

Details: